| 000 | 02167cam a2200469 4500 | ||
|---|---|---|---|
| 001 | ABS66057 | ||
| 008 | 021029n2002 000 0 eng u | ||
| 035 | _a(Sirsi) u120287 | ||
| 100 | _aMadge, N | ||
| 245 | _aRecent developments in housing law | ||
| 260 | _c2002 | ||
| 490 |
_aLegal Action _vOctober 2002, 26-31(6) |
||
| 520 | _aSummarises recent developments in housing law. Under politics and legislation looks at homelessness appeals, the Northern Ireland housing bill, new public sector tenancies in Scotland, delegation of housing management functions, the latest survey of English housing, council tenant rent increases, housing and offenders, the Independent Housing Ombudsman, interim possession orders, regulating service charges, and housing in London. Public sector case law covers injunctions, secure tenancies, suspension of warrants, introductory tenancies, the right to buy, and nuisance and negligence. Private sector case law covers mortgages, long leases, appointment of a manager and excecution of possession orders. Other case law on housing relationship breakdown, housing and human rights and homelessness. Case law. | ||
| 590 | _aABS | ||
| 650 | _aHOMELESSNESS | ||
| 650 | _aNOTTINGHAM CC V THAMES | ||
| 650 | _aMANCHESTER CC V ALI | ||
| 650 | _aMEDINA HA V CONNOLLY | ||
| 650 | _aLIVERPOOL HAT V HANKIN | ||
| 650 | _aSINGLA V BASHIR | ||
| 650 | _aWINCH V MID BEDFORDSHIRE DC | ||
| 650 | _aBARCLAYS BANK V ALCORN | ||
| 650 | _aST ERMINS PROPERTY CO V TINGAY | ||
| 650 | _aETZIN V REECE AND OTHER | ||
| 650 | _aMAUNDERS TAYLOR V BLAQUIRE | ||
| 650 | _aANCHOR HA V PERSON UNKNOWN | ||
| 650 | _aAKINTOLA V AKINTOLA | ||
| 650 | _aLONDON AND QUADRANT HOUSING TRUST V TYNDALE | ||
| 650 | _aHARVEY V LEWISHAM LBC | ||
| 650 | _aMOHAMED V WALTHAM FOREST LBC | ||
| 650 | _aSOUTHALL V WEST WILTSHIRE | ||
| 650 | _aBARKING AND DAGENHAM LBC V MARQUIS | ||
| 650 | _aSALFORD CC V ENTWISTLE | ||
| 650 | _aBARBER V SOUTHWARK LBC | ||
| 650 | _aHOUSING LAW | ||
| 650 | _aSOCIAL HOUSING | ||
| 650 | _aPRIVATE SECTOR | ||
| 650 | _aPUBLIC SECTOR | ||
| 690 | _aHOUSING | ||
| 700 | _aLuba, J | ||
| 942 | _n0 | ||
| 999 |
_c71464 _d71464 |
||